000 00667nam a22001937a 4500
999 _c182936
_d182936
005 20211210135041.0
010 _aUR-11366
020 _c168.00
_a-
035 _aU-9921
037 _bDBAD/PUB
082 _a844
100 _aمحمد بہا ؤ ا لد ين
245 _aفکر ا مر و ز (منتخب مضا مين کا مجمو عہ )
_cمحمد بہا ؤ ا لد ين
246 _aFikr-e-Imroz (Urdu)
_bby Mohd.Bahauddin
260 _aMaharashtra
_c2020 ء
_bNanded Urdu Acedemy
270 _a1-12-3,M.B.Plaza,Airport Road, Chatniya Nagar,
_bNanded
_e431605
_l -
300 _a279 ص
_c22 Cm(Hb)
942 _2ddc
_cUR
_h844
_mم ح م